• 首页
  • 本馆介绍
  • 公告通知
  • 最新文献
  • 馆藏检索
  • 电子资源
  • 读者导购
  • 参考咨询
  • 我的图书馆
  • 登录
  • 详细信息显示
  • 放入我的书架
  • 预约/预借图书
  • 作者相关作品
  • 分类相关作品
  • 丛书相关作品
  • 出版社相关作品

书目信息

  • 表格格式
  • 工作单格式
  • 卡片格式
题名:
高中生必背古诗文
    
 
作者: ;“新课标·全悦读”丛书编委会 编
分册:  
出版信息: 西安   陕西师范大学出版总社有限公司  2017.5
页数: 195页
开本: 19cm
丛书名: “新课标·全悦读”丛书
单 册:
中图分类: G634.303
科图分类:
主题词: 古典诗歌--中国--高中--教学参考资料 , 文言文--高中--教学参考资料
电子资源:
ISBN: 978-7-5613-9071-9
000 01381oam2 2200253 450
001 5366
005 20180528200444.32
010    @a978-7-5613-9071-9@dCNY22.00
100    @a20170512d2017 em y0chiy0110 ea
101 0  @achi
102    @aCN@b610000
105    @ay z 000yy
200 1  @a高中生必背古诗文@9gao zhong sheng bi bei gu shi wen@f“新课标·全悦读”丛书编委会编
210    @a西安@c陕西师范大学出版总社有限公司@d2017.5
215    @a195页@d19cm
225 2  @a“新课标·全悦读”丛书
330    @a《高中生必背古诗文》一书是由主编李乡状、“新课标·全悦读”丛书编委会根据教育部2012年新颁布的《语文课程标准》推荐背诵篇目编撰而成。在内容编排上,每首古诗文下设“注释”“译文”“名师赏析”几个板块。“注释”部分对一些难懂的字词、典故进行了详尽解释,释义力求准确、简明;“译文”部分把古诗文翻译成现代汉语,努力保持原诗文的意境,便于学生理解;“名师赏析”部分力求抓住诗文的主要内容和特色加以分析,帮助学生很好地了解诗文的思想内容和艺术特色。通过学习、诵读这些诗文,学生可在增进对中国古代文化、艺术、语言文字等各方面了解的同时,提高自己的文学素养。
461  0 @12001 @a“新课标·全悦读”丛书
606 0  @a古典诗歌@y中国@x高中@j教学参考资料
606 0  @a文言文@x高中@j教学参考资料
690    @aG634.303@v5
711 02 @a“新课标·全悦读”丛书编委会@9“ xin ke biao · quan yue du ” cong shu bian wei hui@4编
801  0 @aCN@b91CIP@c20170512
905    @aMuseLib@dG634.303@e1307
    
    高中生必背古诗文/“新课标·全悦读”丛书编委会编.-西安:陕西师范大学出版总社有限公司,2017.5
    195页;19cm.-(“新课标·全悦读”丛书)
    
    
    ISBN 978-7-5613-9071-9:CNY22.00
    《高中生必背古诗文》一书是由主编李乡状、“新课标·全悦读”丛书编委会根据教育部2012年新颁布的《语文课程标准》推荐背诵篇目编撰而成。在内容编排上,每首古诗文下设“注释”“译文”“名师赏析”几个板块。“注释”部分对一些难懂的字词、典故进行了详尽解释,释义力求准确、简明;“译文”部分把古诗文翻译成现代汉语,努力保持原诗文的意境,便于学生理解;“名师赏析”部分力求抓住诗文的主要内容和特色加以分析,帮助学生很好地了解诗文的思想内容和艺术特色。通过学习、诵读这些诗文,学生可在增进对中国古代文化、艺术、语言文字等各方面了解的同时,提高自己的文学素养。
●
相关链接 在E读中查询图书 在五车中查询图书 在当当中查询图书 在豆瓣中查询图书


正题名:高中生必背古诗文     索取号:G634.303/1307         预约/预借

序号 登录号 条形码 馆藏地/架位号 状态 备注
1 1113003   211130033   第一样本阅览室/ [索取号:G634.303/1307] 在馆    
2 1113004   211130042   教育系资料室/ [索取号:G634.303/1307] 在馆    
3 1113005   211130051   教育系资料室/ [索取号:G634.303/1307] 在馆    
4 1113006   211130060   第四借阅区/ [索取号:G634.303/1307] 在馆    
唐山师范学院图书馆 欢迎您!
大连网信软件有限公司© 版权所有